000 01463cas a2200433 4500
001 data
005 20260322212118.0
008 data
035 _a11184856
906 _a0
_bcbc
_cserials
_d4
_encip
_f19
_gn-oclcserc
010 _a 74897387
035 _a(OCoLC)1797543
040 _aDLC
_beng
_cDLC
_dOCLCQ
_dDLC
_dOCLCQ
_dWAU
_dOCLCO
_dOCLCQ
_dOCLCF
_dOCLCQ
042 _apcc
050 0 0 _aPN9
_b.W42
066 _c$1
245 0 0 _6880-01
_aWen ji.
880 0 0 _6245-01/$1
_a$1!BX!:X(B.
246 1 3 _aLiterature quarterly
_fAug. 1973-
260 _6880-02
_aTaibei,
_bHuan yu chu ban she zong jing xiao]
880 _6260-02/$1
_a$1!58!4I(B,
_b$1!Kg!:e!3K!JH!Na!Qm!Q<!]f(B]
300 _c21 cm
336 _atext
_btxt
_2rdacontent
337 _aunmediated
_bn
_2rdamedia
362 0 _6880-03
_adi 1- qi; minguo 62 nian 8 yue- [1973-
880 0 _6362-03/$1
_a$1!Os(B1- $1!Cd(B; $1!FM!7o(B62$1!<e(B8$1!C[(B- [1973-
590 _aSERBIB/SERLOC merged record
650 0 _aLiterature.
650 0 _aChinese literature.
650 7 _aChinese literature.
_2fast
_0(OCoLC)fst00857595
650 7 _aLiterature.
_2fast
_0(OCoLC)fst00999953
776 0 8 _iOnline version:
_tWen ji
_w(OCoLC)589970106
776 0 8 _iOnline version:
_tWen ji
_w(OCoLC)613140810
890 _aWen chi. (Huan yu ch'u pan she tsung ching hsiao) T'ai-pei.
_i74-897387
920 _aKeep 1
991 _bc-GenColl
_hPN9
_i.W42
_wSERIALS
992 _bUnckd Orien
_wSERLOC
999 _c1801
_d1801